000
00214nam a22000977a 4500
082
_a
004.16 MIC'R
245
_a
MICROPROCESSORS DATA HANDBOOK
260
_a
NEWDELHI
_b
BPB
_c
1989
300
_a
590P
942
_c
BK
999
_c
570885
_d
570885